[Event "AUTO-OPEN-1764"]
[Site "http://www.queenalice.com/game.php?id=683747"]
[Date "2009.11.15"]
[Round "1"]
[White "guzanito"]
[Black "edsonholanda"]
[Result "1-0"]
[WhiteElo "2268"]
[BlackElo "1770"]

1. e4 e5 2. Nf3 Nc6 3. Bc4 Nf6 4. Ng5 d5 5. exd5 Nxd5 6. d4 f6 7. dxe5 fxe5 8.
Bxd5 Qf6 9. Be3 e4 10. Bf7+ Qxf7 11. Nxf7 Kxf7 12. Nc3 Bb4 13. Qd5+ Be6 14. Qxe4
Bxc3+ 15. bxc3 Rad8 16. O-O Rhe8 17. Qxh7 Rh8 18. Qe4 Bd5 19. Qf4+ Kg8 20. Rad1
Bxa2 21. Rxd8+ Kh7 22. Qh4+ Kg6 23. Rxh8 Kf7 24. Qf4+ Kg6 25. h4 Bd5 26. h5# 1-0

[Event "Challenge"]
[Site "http://www.queenalice.com/game.php?id=689289"]
[Date "2009.11.26"]
[Round "-"]
[White "goldwing"]
[Black "edsonholanda"]
[Result "1-0"]
[WhiteElo "1761"]
[BlackElo "1780"]

1. e4 e5 2. Nf3 Nc6 3. Bb5 a6 4. Bxc6 dxc6 5. Nxe5 Nf6 6. d3 Bc5 7. Qf3 Bg4 8.
Nxg4 Nxg4 9. Qxg4 O-O 10. Qf3 Qd4 11. c3 Qe5 12. d4 Bxd4 13. cxd4 Qxd4 14. O-O
Rae8 15. Re1 f5 16. e5 Rxe5 17. Qd1 Rfe8 18. Be3 Qxd1 19. Rxd1 f4 20. Bd2 g5 21.
Nc3 h6 22. Re1 Kg7 23. Rxe5 Rxe5 24. Re1 Rxe1+ 25. Bxe1 b5 26. Ne4 Kg6 27. f3
Kf5 28. Bc3 h5 29. Ba5 g4 30. Bxc7 gxf3 31. gxf3 c5 32. Nxc5 Kg5 33. Nxa6 Kf5
34. b3 h4 35. a4 bxa4 36. bxa4 Ke6 37. Bxf4 h3 38. a5 Kd7 39. Bg3 Kc6 40. Nc7
Kb7 41. a6+ Kb8 42. Nb5+ Ka8 43. a7 Kb7 44. Bf2 1-0

[Event "Challenge"]
[Site "http://www.queenalice.com/game.php?id=689492"]
[Date "2009.11.27"]
[Round "-"]
[White "FENIX_RJ"]
[Black "edsonholanda"]
[Result "0-1"]
[WhiteElo "1522"]
[BlackElo "1774"]

1. e4 e5 2. Nf3 Nc6 3. Bc4 Nf6 4. Ng5 d5 5. Bb3 Be6 6. Nc3 Nd4 7. exd5 Nxb3 8.
cxb3 Nxd5 9. Nce4 Bf5 10. Ng3 Qxg5 11. h4 Qg4 12. Qe2 Qxe2+ 13. Kxe2 Bg4+ 14. f3
Bh5 15. Nxh5 g6 16. Ng3 O-O-O 17. Rd1 Nf4+ 18. Ke3 Nxg2+ 19. Ke4 f5+ 20. Kxe5
Bd6+ 21. Ke6 Bxg3 22. d4 Nxh4 23. Rd3 Rd6+ 24. Ke7 g5 25. Bxg5 h6 26. Bf6 Rh7+
0-1

[Event "AUTO-OPEN-1807"]
[Site "http://www.queenalice.com/game.php?id=701410"]
[Date "2009.12.21"]
[Round "1"]
[White "edsonholanda"]
[Black "kingmartinIII"]
[Result "0-1"]
[WhiteElo "1668"]
[BlackElo "1430"]

1. e4 e5 2. Nf3 f6 3. Bc4 Nh6 4. O-O Bc5 5. h3 d6 6. Nc3 c6 7. d3 b5 8. Bb3 a5
9. Bxh6 gxh6 10. a4 b4 11. Na2 Ba6 12. c3 bxc3 13. bxc3 h5 14. Nh4 h6 15. Qxh5+
Ke7 16. Ng6+ Kd7 17. Nxh8 Qxh8 18. Rfd1 Bb7 19. Qf7+ Kd8 20. Qg8+ Qxg8 21. Bxg8
Ba6 22. c4 Bd4 23. Rab1 Nd7 24. Bh7 Nc5 25. g4 Kd7 26. Rb6 Bb7 27. Kg2 Rh8 28.
Bf5+ Kc7 29. Rbb1 Bc8 30. Bxc8 Rxc8 31. f3 Nxa4 32. Rf1 Nb2 33. Rbc1 Nxd3 34.
Rb1 Nf4+ 35. Kg3 Ne2+ 36. Kh4 Rg8 37. Nc1 Nf4 38. Re1 Ng2+ 39. Kh5 Nxe1 40. Kxh6
Nxf3 41. Kh5 Rh8+ 42. Kg6 Rxh3 43. Kxf6 a4 44. g5 Nh4 45. g6 Nxg6 46. Kxg6 Rh1
47. Kf6 a3 48. Ke6 Bb2 49. c5 dxc5 50. Rxb2 axb2 0-1

[Event "AUTO-OPEN-1807"]
[Site "http://www.queenalice.com/game.php?id=701411"]
[Date "2009.12.21"]
[Round "1"]
[White "kingmartinIII"]
[Black "edsonholanda"]
[Result "0-1"]
[WhiteElo "1483"]
[BlackElo "1617"]

1. e4 e5 2. Nf3 Nc6 3. Bc4 Nf6 4. d3 Bc5 5. O-O h6 6. Nc3 O-O 7. Nd5 Nxd5 8.
Bxd5 d6 9. h3 Be6 10. Bxc6 bxc6 11. c3 f5 12. b4 Bb6 13. a4 a5 14. b5 cxb5 15.
axb5 fxe4 16. dxe4 d5 17. Nxe5 dxe4 18. Ba3 Rf5 19. Nc6 Qxd1 20. Raxd1 Bc4 21.
Ne7+ Kf7 22. Nxf5 Kf6 23. g4 Bxf1 24. Kxf1 Kg5 25. Bc1+ Kg6 26. Rd7 Re8 27. Nxg7
Rf8 28. Nf5 Re8 29. Bxh6 a4 30. Bc1 Kf6 31. c4 Ke6 32. Rh7 Ke5 33. h4 Kf6 34.
Bg5+ Ke5 35. Kg2 Rd8 36. Bxd8 Kf4 37. Rg7 Ke5 38. Ne7 Kd4 39. Nc6+ Kxc4 40. h5
a3 41. Bf6 Kxb5 42. Ne5 Bd4 43. Rxc7 a2 44. g5 a1=Q 45. Nd7 Bxf6 46. gxf6 Qa2
47. Kg3 Qb3+ 48. Kg4 Qf3+ 49. Kg5 Qxf2 50. Kg6 e3 51. f7 Qg3+ 52. Kh6 Qf4+ 53.
Kg7 Qxc7 54. Nf6 e2 55. h6 e1=Q 56. h7 Qcg3+ 57. Kf8 Qh1 58. Ke8 Qa8+ 59. Ke7
Qc7+ 60. Ke6 Qf8 61. Nd7 Qc6+ 62. Kf5 Qxf7+ 63. Nf6 Qc5+ 64. Ke4 Qfc4+ 65. Kf3
Qa3+ 66. Kf2 Qc2+ 67. Kf1 Qac1# 0-1

[Event "AUTO-OPEN-1807"]
[Site "http://www.queenalice.com/game.php?id=701412"]
[Date "2009.12.21"]
[Round "1"]
[White "edsonholanda"]
[Black "cristiane4"]
[Result "0-1"]
[WhiteElo "1763"]
[BlackElo "1724"]

1. e4 e5 2. Nf3 Nc6 3. Bb5 d6 4. Bxc6+ bxc6 5. O-O Bb7 6. Nc3 Nf6 7. d3 Be7 8.
Bg5 O-O 9. Bxf6 Bxf6 10. d4 exd4 11. Nxd4 c5 12. Nf3 Re8 13. Re1 Qd7 14. a3 Qg4
15. h3 Qg6 16. Nh4 Bxh4 17. g3 Bf6 18. Nd5 Bd4 19. Nxc7 Qxg3+ 20. Kh1 Rxe4 21.
Rxe4 Bxe4+ 22. f3 Qxh3# 0-1

[Event "AUTO-OPEN-1807"]
[Site "http://www.queenalice.com/game.php?id=701413"]
[Date "2009.12.21"]
[Round "1"]
[White "cristiane4"]
[Black "edsonholanda"]
[Result "1-0"]
[WhiteElo "1824"]
[BlackElo "1745"]

1. d4 d5 2. c4 dxc4 3. e3 Nf6 4. Nf3 e6 5. Nc3 Bb4 6. Bxc4 Ne4 7. O-O Nxc3 8.
bxc3 Bxc3 9. Rb1 O-O 10. Qd3 Ba5 11. Bb2 a6 12. Bb3 Nc6 13. Bc2 g6 14. e4 b5 15.
d5 exd5 16. exd5 Nb4 17. Qd4 f6 18. Bb3 Kh8 19. Qh4 Nxd5 20. Rbd1 c6 21. Ng5 h5
22. Bc2 Kg7 23. Rd3 Bf5 24. Rfd1 Bxd3 25. Ne6+ Kh6 26. Rxd3 Qe7 27. Rg3 g5 28.
Qxh5+ Kxh5 29. Rh3+ 1-0

[Event "AUTO-OPEN-1807"]
[Site "http://www.queenalice.com/game.php?id=701414"]
[Date "2009.12.21"]
[Round "1"]
[White "edsonholanda"]
[Black "flucris2701"]
[Result "0-1"]
[WhiteElo "1637"]
[BlackElo "1429"]

1. e4 e5 2. Nf3 d6 3. Bc4 Bg4 4. Nc3 Nf6 5. O-O Nc6 6. h3 Bxf3 7. Qxf3 Be7 8.
Nd5 O-O 9. Nxf6+ Bxf6 10. d3 Nd4 11. Qd1 Qe7 12. Qg4 Nxc2 13. Rb1 Nd4 14. g3
Rfe8 15. f4 b5 16. Bd5 Rab8 17. fxe5 dxe5 18. Be3 a6 19. Bxd4 exd4 20. Rbe1 b4
21. b3 a5 22. Rf5 h6 23. h4 Rb6 24. Rh5 Kh7 25. Bc6 Rxc6 26. Rxa5 Rc3 27. Rd1
Qd8 28. Ra4 Qd6 29. Qf5+ g6 30. Qh3 Re5 31. Rxb4 Qxb4 32. g4 Qa3 33. Qh2 Rc1 34.
Rxc1 Qxc1+ 35. Kg2 Qd2+ 36. Kh3 Qxh2+ 37. Kxh2 Bxh4 38. Kg2 Rg5 39. Kf3 h5 40.
gxh5 Rg3+ 41. Kf4 Rxd3 42. hxg6+ Kxg6 43. e5 Re3 44. a4 Rxb3 45. a5 Ra3 0-1

[Event "AUTO-OPEN-1807"]
[Site "http://www.queenalice.com/game.php?id=701415"]
[Date "2009.12.21"]
[Round "1"]
[White "flucris2701"]
[Black "edsonholanda"]
[Result "0-1"]
[WhiteElo "1454"]
[BlackElo "1628"]

1. Nf3 d5 2. d4 Nf6 3. e3 Nc6 4. Bb5 Bd7 5. Bxc6 Bxc6 6. O-O e6 7. Nc3 Bb4 8.
Bd2 Bxc3 9. Bxc3 O-O 10. Ne5 Ne4 11. Nxc6 bxc6 12. f3 Nxc3 13. bxc3 f6 14. Qd3
g6 15. c4 c5 16. dxc5 c6 17. cxd5 cxd5 18. f4 f5 19. Qd4 Qa5 20. c4 Rfd8 21.
cxd5 exd5 22. h3 Rac8 23. Kf2 Rxc5 24. Kf3 Qc3 25. Qxc3 Rxc3 26. Rfd1 h6 27. a4
d4 28. Rxd4 Rxd4 29. Ke2 Rb4 30. a5 Re4 31. Kd2 Rcxe3 32. a6 Re2+ 33. Kd3 Rxg2
34. Rc1 Rxf4 35. Rc8+ Kf7 36. Rc7+ Ke6 37. Rxa7 Ra2 38. Ra8 Rfa4 39. Re8+ Kf7
40. Ra8 Rxa6 41. Rc8 Kf6 42. Rd8 R2a3+ 0-1

[Event "Challenge"]
[Site "http://www.queenalice.com/game.php?id=703729"]
[Date "2009.12.26"]
[Round "-"]
[White "edsonholanda"]
[Black "thedead"]
[Result "1-0"]
[WhiteElo "1718"]
[BlackElo "1352"]

1. e4 e5 2. Nf3 Nc6 3. Bb5 a6 4. Bxc6 dxc6 5. Nxe5 Qd4 6. Nf3 Qxe4+ 7. Qe2 Qxe2+
8. Kxe2 Bg4 9. h3 Bxf3+ 10. Kxf3 O-O-O 11. Re1 c5 12. b3 Ne7 13. Nc3 Nc6 14. d3
Nd4+ 15. Kg4 Nxc2 16. Bg5 f6 17. Bf4 Nxe1 18. Rxe1 Bd6 19. Re7 Bxe7 20. Kf5 Rxd3
21. Ne4 Re8 22. f3 Bd6 23. Bxd6 cxd6 24. Kg4 Rxe4+ 25. fxe4 Rd2 26. g3 Rxa2 27.
h4 1-0

[Event "AUTO-OPEN-1843"]
[Site "http://www.queenalice.com/game.php?id=716752"]
[Date "2010.1.19"]
[Round "1"]
[White "RenatoAraujo"]
[Black "edsonholanda"]
[Result "1-0"]
[WhiteElo "2003"]
[BlackElo "1695"]

1. e4 e5 2. Nf3 Nc6 3. Bb5 a6 4. Ba4 b5 5. Bb3 Nf6 6. O-O Bc5 7. c3 O-O 8. d4
exd4 9. cxd4 Bb4 10. e5 Ne4 11. Bd5 Bb7 12. Bxe4 f5 13. Bxc6 Bxc6 14. Qb3+ Kh8
15. Qxb4 Bxf3 16. gxf3 f4 17. Kh1 d6 18. Nd2 dxe5 19. dxe5 Re8 20. Qxf4 Rf8 21.
Qg3 Qe7 22. Ne4 h6 23. f4 c5 24. Be3 c4 25. Bc5 Qf7 26. Bxf8 Rxf8 27. Rg1 a5 28.
Nd6 Qh5 29. Qxg7# 1-0

[Event "AUTO-OPEN-1843"]
[Site "http://www.queenalice.com/game.php?id=716753"]
[Date "2010.1.19"]
[Round "1"]
[White "edsonholanda"]
[Black "RenatoAraujo"]
[Result "0-1"]
[WhiteElo "1691"]
[BlackElo "2019"]

1. e4 c5 2. Nf3 d6 3. Bc4 Nf6 4. d3 a6 5. O-O e6 6. Bg5 Be7 7. Bxf6 Bxf6 8. d4
cxd4 9. Nxd4 O-O 10. f4 Qb6 11. c3 Qxb2 12. Nc2 b5 13. e5 dxe5 14. fxe5 Bxe5 15.
Bxe6 Bxe6 16. a4 Bb3 17. Nba3 Qxc3 18. axb5 axb5 19. Nxb5 Qc5+ 20. Nbd4 Rxa1 21.
Qxa1 Bxc2 22. Kh1 Qxd4 23. Qc1 Bg6 24. h3 Qc3 25. Qxc3 Bxc3 26. g3 Rd8 27. Rf2
Be4+ 28. Kh2 Rd1 29. Rg2 Bxg2 30. Kxg2 Nc6 31. h4 Ne5 32. Kf2 Ng4+ 33. Kf3 f5
34. Ke2 Rd2+ 35. Kf3 Rf2# 0-1

[Event "AUTO-OPEN-1843"]
[Site "http://www.queenalice.com/game.php?id=716778"]
[Date "2010.1.19"]
[Round "1"]
[White "JDZ"]
[Black "edsonholanda"]
[Result "1-0"]
[WhiteElo "2123"]
[BlackElo "1708"]

1. e4 e5 2. Nf3 Nc6 3. Bc4 Nh6 4. O-O Bd6 5. d3 O-O 6. h3 Bc5 7. Nc3 Kh8 8. Bxh6
gxh6 9. Qd2 Na5 10. Nxe5 Bb4 11. Nxf7+ Kg8 12. Nxd8+ Kg7 13. Qe3 Rxd8 14. Qg3+
Kf6 15. Qf3+ Kg6 16. Qf7+ 1-0

[Event "AUTO-OPEN-1843"]
[Site "http://www.queenalice.com/game.php?id=716779"]
[Date "2010.1.19"]
[Round "1"]
[White "edsonholanda"]
[Black "JDZ"]
[Result "0-1"]
[WhiteElo "1708"]
[BlackElo "2123"]

1. e4 c5 2. Nf3 d6 3. Bc4 Nf6 4. Nc3 e6 5. O-O Be7 6. d4 cxd4 7. Nxd4 Nc6 8.
Nxc6 bxc6 9. f4 Rb8 10. b3 d5 11. exd5 exd5 12. Be2 O-O 13. h3 Bc5+ 14. Kh1 Re8
15. Bd3 Ng4 16. hxg4 Qh4# 0-1

[Event "AUTO-OPEN-1843"]
[Site "http://www.queenalice.com/game.php?id=716794"]
[Date "2010.1.19"]
[Round "1"]
[White "zemorais"]
[Black "edsonholanda"]
[Result "1-0"]
[WhiteElo "1817"]
[BlackElo "1720"]

1. e4 e5 2. Nf3 Nc6 3. Bc4 Nh6 4. O-O Bc5 5. h3 O-O 6. c3 d6 7. d3 Ne7 8. Bxh6
gxh6 9. Nh4 Ng6 10. Nf5 Bxf5 11. exf5 Nh4 12. Qg4+ Kh8 13. g3 Ng6 14. fxg6 hxg6
15. b4 h5 16. Qf3 c6 17. bxc5 dxc5 18. Bxf7 Qd7 19. Qf6+ Kh7 20. Qxg6+ Kh8 21.
Qxh5+ Kg7 22. Qg6+ 1-0

[Event "AUTO-OPEN-1843"]
[Site "http://www.queenalice.com/game.php?id=716795"]
[Date "2010.1.19"]
[Round "1"]
[White "edsonholanda"]
[Black "zemorais"]
[Result "0-1"]
[WhiteElo "1708"]
[BlackElo "1774"]

1. e4 e5 2. Nf3 d6 3. Bc4 Nf6 4. Nc3 Bg4 5. d3 Be7 6. O-O O-O 7. h3 Bxf3 8. Qxf3
a6 9. Nd5 Nbd7 10. Nxf6+ Nxf6 11. Be3 c5 12. c3 b5 13. Bd5 Nxd5 14. exd5 Bf6 15.
d4 exd4 16. cxd4 cxd4 17. Bc1 Be5 18. a4 b4 19. b3 a5 20. Qg4 Qf6 21. Bg5 Qg6
22. h4 d3 23. Ra2 f5 24. Qc4 f4 25. Be7 Rfc8 26. Qb5 f3 27. g3 Re8 28. Qb7 Bc3
29. Bg5 Rab8 30. Qc7 h6 31. Bf4 d2 32. Rd1 Re1+ 33. Rxe1 dxe1=Q+ 34. Kh2 Re8 35.
Qxa5 Qf1 36. Qb6 Qg2# 0-1

[Event "AUTO-INT-1616"]
[Site "http://www.queenalice.com/game.php?id=734026"]
[Date "2010.2.18"]
[Round "1"]
[White "V_Spy"]
[Black "edsonholanda"]
[Result "0-1"]
[WhiteElo "1416"]
[BlackElo "1662"]

1. e4 e5 2. Nf3 Nc6 3. Bb5 Nge7 4. Bxc6 Nxc6 5. O-O Bc5 6. Nc3 O-O 7. Na4 d6 8.
a3 Bg4 9. b4 Bxf3 10. gxf3 Bb6 11. b5 Nd4 12. c3 Ne6 13. Kh1 Qh4 14. d4 exd4 15.
Nxb6 axb6 16. cxd4 Qh5 17. d5 Nc5 18. Be3 f5 19. Qc2 Qxf3+ 20. Kg1 fxe4 21. Qd1
Qxd1 22. Raxd1 Rxa3 23. Bxc5 bxc5 24. Ra1 Rb3 25. Rab1 Rbf3 26. b6 cxb6 27. Rxb6
e3 28. fxe3 Rxf1+ 29. Kg2 R8f2+ 30. Kg3 c4 31. Rxd6 c3 32. Rd8+ Kf7 33. d6 c2
34. Rc8 c1=Q 35. Rxc1 Rxc1 36. Kxf2 Rd1 37. Kf3 Rxd6 38. e4 b5 39. e5 Rd1 40.
Kf4 b4 41. Kf5 b3 42. e6+ Ke7 43. h4 b2 0-1

[Event "AUTO-INT-1616"]
[Site "http://www.queenalice.com/game.php?id=734027"]
[Date "2010.2.18"]
[Round "1"]
[White "edsonholanda"]
[Black "V_Spy"]
[Result "0-1"]
[WhiteElo "1642"]
[BlackElo "1421"]

1. e4 e5 2. Nf3 Nc6 3. Bb5 a6 4. Bxc6 bxc6 5. Nxe5 Qg5 6. Ng4 d5 7. exd5 Bxg4 8.
f3 Qe5+ 9. Qe2 Qxe2+ 10. Kxe2 Bh5 11. g4 Bg6 12. d3 cxd5 13. Nc3 Rd8 14. Bf4 c5
15. Rhe1 Nf6 16. Kf2+ Be7 17. g5 Nh5 18. Bd2 c4 19. dxc4 dxc4 20. Ne4 f5 21. Ba5
fxe4 22. Bxd8 Kxd8 23. Rad1+ Ke8 24. fxe4 Rf8+ 25. Ke3 Bc5+ 26. Kd2 Rf2+ 27. Re2
Bxe4 28. Rxf2 Bxf2 29. Kc3 Nf4 30. Kxc4 Bxc2 31. Rd2 Bg6 32. Rxf2 Nh3 33. Re2+
Kf8 34. a4 Nxg5 35. b4 Be8 36. a5 Nf7 37. Re6 Bb5+ 38. Kc5 Nd8 39. Rd6 Nb7+ 40.
Kd5 Nxd6 41. Kxd6 h5 42. Ke5 Kf7 43. Kf5 g6+ 44. Kg5 Bd3 45. h4 Ke6 46. Kf4 Kf6
47. Ke3 Bb5 48. Ke4 g5 49. hxg5+ Kxg5 50. Kf3 h4 51. Kg2 Kg4 52. Kh2 Bc6 53. b5
Bxb5 54. Kg2 Bc6+ 55. Kh2 Bf3 56. Kg1 Kg3 0-1

[Event "AUTO-INT-1616"]
[Site "http://www.queenalice.com/game.php?id=734040"]
[Date "2010.2.18"]
[Round "1"]
[White "edsonholanda"]
[Black "Yaroo"]
[Result "0-1"]
[WhiteElo "1662"]
[BlackElo "1806"]

1. e4 e5 2. Nf3 Nc6 3. Bb5 a6 4. Bxc6 dxc6 5. Nxe5 Qd4 6. Qh5 Qxe4+ 7. Qe2 Qxe2+
8. Kxe2 Bd6 9. Nc4 Nf6 10. Nc3 O-O 11. d3 Re8+ 12. Ne3 Bd7 13. Ne4 Nxe4 14. dxe4
Rxe4 15. f3 Re7 16. b3 Rae8 17. Kf2 Bc5 18. Re1 f5 19. f4 g5 20. fxg5 f4 21. g3
fxe3+ 22. Ke2 Bg4+ 23. Kd3 Rd7+ 24. Kc3 Bd4+ 25. Kc4 Bxa1 26. Bxe3 Re4+ 0-1

[Event "AUTO-INT-1616"]
[Site "http://www.queenalice.com/game.php?id=734041"]
[Date "2010.2.18"]
[Round "1"]
[White "Yaroo"]
[Black "edsonholanda"]
[Result "1-0"]
[WhiteElo "1777"]
[BlackElo "1662"]

1. e4 e5 2. Nf3 Nc6 3. Bc4 h6 4. O-O Nf6 5. Re1 Bc5 6. c3 O-O 7. d4 exd4 8. cxd4
Bb4 9. Nc3 Bxc3 10. bxc3 Na5 11. Bb3 d6 12. h3 b6 13. Bb2 d5 14. e5 Ne4 15. Nd2
Nxd2 16. Qxd2 c6 17. f4 f6 18. Re3 fxe5 19. fxe5 c5 20. Ba3 Nc4 21. Bxc4 dxc4
22. Rd1 Qg5 23. dxc5 bxc5 24. Bxc5 Rf5 25. Qd5+ Kh7 26. Qxa8 Rxe5 27. Rxe5 Qg6
28. Qxc8 1-0

[Event "AUTO-INT-1616"]
[Site "http://www.queenalice.com/game.php?id=734042"]
[Date "2010.2.18"]
[Round "1"]
[White "edsonholanda"]
[Black "Raxtlon"]
[Result "0-1"]
[WhiteElo "1688"]
[BlackElo "1321"]

1. e4 e5 2. Nf3 Nc6 3. Bb5 a6 4. Bxc6 dxc6 5. Nxe5 Bd6 6. Qh5 Bxe5 7. Qxe5+ Qe7
8. Qxe7+ Nxe7 9. O-O Be6 10. Nc3 O-O 11. d4 Rad8 12. Bf4 Rd7 13. Rad1 Ng6 14.
Be3 Bc4 15. Rfe1 Rfd8 16. Bg5 f6 17. Be3 b6 18. b3 Be6 19. f4 Bf7 20. e5 fxe5
21. fxe5 Ne7 22. Bg5 Bh5 23. Ne2 h6 24. e6 Nd5 25. Bxd8 Rxd8 26. Rd3 Nb4 27. Rh3
Nxc2 28. Rf1 Bxe2 29. Rf7 Re8 30. e7 Kxf7 31. Rc3 Nxd4 32. Re3 Rxe7 33. Rxe7+
Kxe7 0-1

[Event "AUTO-INT-1616"]
[Site "http://www.queenalice.com/game.php?id=734043"]
[Date "2010.2.18"]
[Round "1"]
[White "Raxtlon"]
[Black "edsonholanda"]
[Result "0-1"]
[WhiteElo "1351"]
[BlackElo "1658"]

1. g3 b6 2. Bg2 c6 3. Nf3 Nf6 4. O-O d5 5. d4 e6 6. Be3 c5 7. Nc3 cxd4 8. Bxd4
Nbd7 9. Ne5 Nxe5 10. Bxe5 Be7 11. Qd3 O-O 12. e4 dxe4 13. Nxe4 Nxe4 14. Qxe4 Rb8
15. Bxb8 Ba6 16. Bxa7 Bxf1 17. Bxf1 Bc5 18. Bg2 Qd2 19. Qa4 Qxf2+ 20. Kh1 Ra8
21. Bxa8 h5 22. Qf4 Qxc2 23. b3 Qb2 24. Qf1 Qa3 25. Bxb6 Bxb6 26. Bg2 Bd4 27.
Bf3 Bxa1 28. Qxa1 Qa5 29. a4 f5 30. Qa3 e5 31. b4 Qa7 32. Qb3+ Kh7 33. Bxh5 Qf2
34. Qf7 Qf1# 0-1

[Event "AUTO-OPEN-1620"]
[Site "http://www.queenalice.com/game.php?id=745479"]
[Date "2010.3.13"]
[Round "2"]
[White "deltaboy"]
[Black "edsonholanda"]
[Result "1-0"]
[WhiteElo "2129"]
[BlackElo "1613"]

1. d4 d5 2. Nf3 e6 3. c4 dxc4 4. Qa4+ Nc6 5. e3 Bd7 6. Qxc4 Bb4+ 7. Nc3 Nf6 8.
Bd2 Bxc3 9. Bxc3 O-O 10. Be2 a5 11. O-O b6 12. Ne5 Nxe5 13. dxe5 Nd5 14. Bf3 b5
15. Qc5 c6 16. e4 Nxc3 17. bxc3 Qg5 18. Rad1 Be8 19. Qd6 f6 20. Qxe6+ Bf7 21.
Qxc6 Qxe5 22. Be2 b4 23. cxb4 axb4 24. Bc4 Rfc8 25. Bxf7+ Kxf7 26. Qb7+ Kg6 27.
Rd7 Rg8 28. Rxg7+ Rxg7 29. Qxa8 Qd4 30. h4 h5 31. Qe8+ Kh6 32. Kh2 Rg4 33. f3
Rxh4+ 34. Kg3 Qe5+ 35. Qxe5 fxe5 36. Kxh4 Kg7 37. Kxh5 Kf6 38. Rb1 1-0

[Event "AUTO-OPEN-1620"]
[Site "http://www.queenalice.com/game.php?id=745480"]
[Date "2010.3.13"]
[Round "2"]
[White "edsonholanda"]
[Black "deltaboy"]
[Result "0-1"]
[WhiteElo "1611"]
[BlackElo "2130"]

1. e4 e5 2. Nf3 Nc6 3. Bc4 Bc5 4. O-O Nf6 5. Nc3 O-O 6. d3 h6 7. Nd5 d6 8. Nxf6+
Qxf6 9. c3 Bg4 10. h3 Bxf3 11. Qxf3 Qxf3 12. gxf3 Kh7 13. f4 exf4 14. Bxf4 Ne7
15. d4 Bb6 16. e5 d5 17. Bb3 c6 18. a4 Bc7 19. Ba2 Kg8 20. Kh2 Ng6 21. Bd2 Rfe8
22. h4 Nxh4 23. Rg1 Nf3+ 24. Kh3 Nxd2 25. Rg3 Ne4 26. Rg2 g6 27. f3 Ng5+ 28. Kg3
Kg7 29. Bb1 f6 30. f4 Ne6 31. Kh4 g5+ 32. fxg5 hxg5+ 33. Kg4 fxe5 34. dxe5 Bxe5
35. Bf5 Kf6 36. Rf1 Bf4 37. Bxe6 Rxe6 38. Rh1 Kg6 39. Rgg1 Re3 40. Re1 Rg3# 0-1